| 000 | 00584naa a2200145Ia 4500 | ||
|---|---|---|---|
| 003 | ES-SlBCS | ||
| 005 | 20210601151859.0 | ||
| 008 | 140520s2000 xxu||||| |||| 00| 0 spa d | ||
| 041 | _aspa | ||
| 100 | 1 |
_aNogueira, Camilo _9339314 |
|
| 245 | 0 | 0 |
_aLa construcción europea: modelo social frente al modelo economicista _cCamilo Nogueira |
| 650 | 4 |
_aComunidad Europea _9127724 |
|
| 773 | 0 |
_tJusticia y solidaridad, semillas de esperanza : IX Congreso de Justicia y Paz / José Antonio Lobo Alonso _dMadrid : Colectivo Verapaz, 2000 _g, págs. 121-129 _z84-8260-087-7 _wVA48366 |
|
| 942 | _cAC | ||
| 999 |
_c765546 _d765546 |
||